Statistics for All 5M Cities on the Borderless World Map in order

Click here to take the quiz!

General Stats

  • This quiz has been taken 687 times
  • The average score is 41 of 85

Answers on the Map

Answers color-coded by a green-red scale on the quiz's map according to % correct below.
 

Answer Stats

City% Correct
Guangzhou
100%
Tokyo
99%
Jakarta
98%
Shanghai
98%
Delhi
97%
Karachi
95%
Mexico City
94%
New York
94%
São Paulo
94%
Seoul
94%
Manila
93%
Mumbai
93%
Beijing
89%
Dhaka
87%
Bangkok
86%
Cairo
86%
Lagos
86%
Los Angeles
86%
Moscow
86%
Osaka
86%
Buenos Aires
83%
Istanbul
83%
Kolkata
83%
London
83%
Tehran
82%
Johannesburg
81%
Rio de Janeiro
81%
Paris
75%
Kinshasa
74%
Tianjin
73%
Bangalore
72%
Lahore
67%
Lima
63%
Nagoya
63%
Chennai
62%
Chicago
55%
Xiamen
55%
Bogotá
52%
Chengdu
51%
Hyderabad
50%
Taipei
46%
Hangzhou
37%
Washington
37%
Ho Chi Minh City
36%
Shantou
25%
Wuhan
24%
Boston
23%
San Francisco
23%
Luanda
22%
The Ruhr
22%
Ahmedabad
21%
Shenyang
21%
Philadelphia
20%
Atlanta
18%
Dar es Salaam
18%
Madrid
18%
Saint Petersburg
18%
Santiago
18%
Toronto
17%
Dallas
16%
Hong Kong
16%
Houston
16%
Nairobi
16%
Riyadh
16%
Singapore
16%
Xi'an
16%
Abidjan
15%
Alexandria
15%
Amman
15%
Baghdad
15%
Chongqing
15%
Harbin
15%
Kuala Lumpur
15%
Miami
15%
Milan
15%
Nanjing
15%
Yangon
15%
Guadalajara
14%
Pune
14%
Bandung
13%
Detroit
10%
Khartoum
10%
Surat
10%
Wenzhou
10%
Qingdao
9%

Score Distribution

Percentile by Number Answered

Percent of People with Each Score

Your Score History

You have not taken this quiz